[Event "Recco op 2nd"]
[Site "Recco"]
[Date "2008.11.28"]
[Round "1"]
[White "Ljubisavljevic, Zivojin Z"]
[Black "Bertocci, Daniel"]
[Result "1-0"]
[WhiteElo "2248"]
[BlackElo "1841"]
[PlyCount "117"]
[EventDate "2008.11.28"]
[EventType "swiss"]
[EventRounds "5"]
[EventCountry "ITA"]
[SourceTitle "EXT 2011"]
[Source "ChessBase"]
[SourceDate "2010.11.26"]
[SourceVersion "1"]
[SourceVersionDate "2010.11.26"]
[SourceQuality "1"]

1. g3 d5 2. Bg2 e5 3. c4 dxc4 4. Nf3 Nc6 5. Qa4 Bd7 6. Qxc4 Bd6 7. d4 Nf6 8. dxe5 Be6 9. Qf4 Nd5 10. Qe4 Bb4+ 11. Bd2 Qd7 12. 0-0 Bf5 13. Qc4 Nb6 14. Qc1 Bh3 15. Bxb4 Bxg2 16. Kxg2 Nxb4 17. Nc3 0-0-0 18. Rd1 Qc6 19. Qg5 Qg6 20. Qxg6 hxg6 21. Ng5 f6 22. exf6 gxf6 23. Nge4 N6d5 24. Nxd5 Nxd5 25. Nc3 Rh5 26. Nxd5 Rhxd5 27. Rxd5 Rxd5 28. Rb1 Rd2 29. Kf3 Kd7 30. h4 Ke6 31. g4 Rd5 32. Rc1 c6 33. Rc3 Ra5 34. a3 Rb5 35. b3 a5 36. Kg3 Kf7 37. e4 Kg7 38. f4 Kf7 39. g5 Kg7 40. gxf6+ Kxf6 41. Kg4 Ke6 42. Rd3 Rc5 43. e5 Rc1 44. Rd6+ Kf7 45. Rd7+ Ke6 46. Rxb7 Rg1+ 47. Kf3 Rf1+ 48. Ke3 Kf5 49. Rf7+ Kg4 50. Rf6 Rf3+ 51. Ke4 Rxb3 52. Rxg6+ Kh5 53. Rxc6 Rxa3 54. Kf5 Re3 55. e6 a4 56. Kf6 Re4 57. f5 Kh6 58. e7 a3 59. Ra6 1-0